U.S Army ranks Quiz Stats

 Plays Quiz not verified by Sporcle

Score 0/28 Timer 10:00
0 Plays Today
% Correct
Private
94.4%
General
86.1%
Private first class
80.6%
Major
77.8%
Corporal
75%
Sergeant
72.2%
Colonel
66.7%
Major general
66.7%
Second lieutenant
58.3%
First lieutenant
58.3%
Specialist
55.6%
Staff sergeant
55.6%
Private second class
52.8%
Lieutenant colonel
52.8%
% Correct
Sergeant major
50%
Lieutenant general
50%
First sergeant
47.2%
Brigadier general
47.2%
Master sergeant
44.4%
Sergeant first class
41.7%
Sergeant major of the army
33.3%
General of the army
33.3%
Command sergeant major
30.6%
Warrant officer 1
27.8%
Chief warrant officer 2
27.8%
Chief warrant officer 3
27.8%
Chief warrant officer 4
27.8%
Chief warrant officer 5
27.8%

You're not logged in!

Compare scores with friends on all Sporcle quizzes.
OR
Log In

Show Comments

Extras

Created Feb 23, 2012ReportNominate
Tags:army, US Army

Top Quizzes Today


Score Distribution

Your Account Isn't Verified!

In order to create a playlist on Sporcle, you need to verify the email address you used during registration. Go to your Sporcle Settings to finish the process.

Report this User

Report this user for behavior that violates our Community Guidelines.

Details: